000
00326nam a22001337a 4500
999
_c
14020
_d
14020
020
_a
0412064510
082
_a
664
100
_a
Norman N. Potter & Joseph H. Hotchkiss
245
_a
Food Science
250
_a
Fifth Edition
260
_a
New York
_b
International Thosmon Publishing
_c
1995
300
_a
608 pages
942
_c
BK